Ηλεκτρονική γενική λογιστική, διαχείριση ταμειακής ρευστότητας και προπολογισμοί - εξατομικευμένα περιβάλλοντα : πτυχιακή εργασία
Σκοπός της παρούσης διπλωματικής εργασίας είναι η μελέτη των δυνατοτήτων ηλεκτρονικοποιήσης βασικών λειτουργιών Γενικής Λογιστικής, Διαχείρισης Ταμειακής Ρευστότητας και Προπολογισμών που παρέχει το σύστημα Διαχείρισης Επιχειρησιακών Πόρων Microsoft Dynamics NAV. Επίσης θα γίνει ανάλυση των δυνατότη...
Αποθηκεύτηκε σε:
| Κύριος συγγραφέας: | |
|---|---|
| Συγγραφή απο Οργανισμό/Αρχή: | |
| Μορφή: | Thesis Βιβλίο |
| Γλώσσα: | Greek |
| Δημοσίευση: |
2013.
|
| Θέματα: | |
| Διαθέσιμο Online: | http://hdl.handle.net/11610/12493 |
| Ετικέτες: |
Προσθήκη ετικέτας
Δεν υπάρχουν, Καταχωρήστε ετικέτα πρώτοι!
|
MARC
| LEADER | 00000cam a2200000 i 4500 | ||
|---|---|---|---|
| 001 | 1/49713 | ||
| 008 | 140620s2013 gr | ||| |||| ||gre|| | ||
| 035 | |l 10118038 | ||
| 040 | |a GR-MyUA |b gre |e AACR2 | ||
| 041 | 0 | |a gre | |
| 082 | 0 | |a 657.028553 |2 (22) | |
| 100 | 1 | |a Παππάς, Ηρακλής. | |
| 245 | 1 | 0 | |a Ηλεκτρονική γενική λογιστική, διαχείριση ταμειακής ρευστότητας και προπολογισμοί - εξατομικευμένα περιβάλλοντα : |b πτυχιακή εργασία / |c του Ηρακλή Παππά ; επιβλέπων καθηγητής Ευριπίδης Λουκής. |
| 260 | |c 2013. | ||
| 300 | |a vi, 199 σ. : |b εικ. ; |c 30 εκ. | ||
| 500 | |a Μέλη της εξεταστικής επιτροπής: Λουκής Ευριπίδης, Χαραλαμπίδης Ιωάννης, Κοκολάκης Σπύρος. | ||
| 502 | |a Διατριβή (μεταπτυχιακή) – Πανεπιστήμιο Αιγαίου, Σάμος, 2013. | ||
| 504 | |a Βιβλιογραφία: σ. 199. | ||
| 506 | 1 | |a Διάθεση πλήρους κειμένου ; |d Ενδοπανεπιστημιακή δημοσίευση. | |
| 520 | |a Σκοπός της παρούσης διπλωματικής εργασίας είναι η μελέτη των δυνατοτήτων ηλεκτρονικοποιήσης βασικών λειτουργιών Γενικής Λογιστικής, Διαχείρισης Ταμειακής Ρευστότητας και Προπολογισμών που παρέχει το σύστημα Διαχείρισης Επιχειρησιακών Πόρων Microsoft Dynamics NAV. Επίσης θα γίνει ανάλυση των δυνατότητων προσαρμογής της λειτουργικότητας του συστήματος στις ανάγκες και ιδιαιτερότητες των διαφόρων επιχειρήσεων και χρηστών.Αρχικά μελετάμε τις δυνατότητες του προγράμματος που αφορούν την εξατομίκευση περιβάλλοντος, ούτως ώστε να καλύπτουν τις διαφορετικές ανάγκες κάθε χρήστη. Στην συνέχεια αναλύουμε τις δυνατότητες του περιβάλλοντος χρήστη και τέλος παρουσιάζουμε ορισμένα σενάρια που προσανατολίζονται κυρίως στο υποσύστημα της Οικονομικής Διαχείρισης μιας επιχείρησης. Για την υλοποίηση των σεναρίων θα χρησιμοποιήσουμε το λογισμικό Microsoft Dynamics NAV 2009.Γίνεται αναλυτική παρουσίαση των βημάτων που ακολουθήσαμε για την υλοποίηση των σεναρίων που πραγματοποιήσαμε τόσο στο εξατομικευμένο περιβάλλον χρήστη όσο και στο υποσύστημα της Οικονομικής Διαχείρισης. Τέλος γίνεται αναφορά στα κυριότερα συμπεράσματα τα οποία μπορούμε να εξάγουμε μετά την υλοποίηση των συγκεκριμένων σεναρίων. | ||
| 520 | |a The main purpose of this thesis is to study the possibilities computerization General Ledger, Cash Management and Budgets system provides Enterprise Resource Planning Microsoft Dynamics NAV. It will also analyze the adaptability of the system functionality to the needs and particularities of different businesses and users.At first we study the program features regarding personalization environment in order to meet the different needs of each user. Then we analyze the capabilities of the user interface and then display some scenarios directed mainly to the subsystem of financial management of a business. For the implementation of the scenarios we will use the software Microsoft Dynamics NAV 2009.We describe in details the steps followed to implement the scenarios we materialized both in the Roletailored Client and the subsystem of Financial Management. Finally we report the most significant conclusions that can be drawn after the implementation of these scenarios. | ||
| 540 | |a Κλειδωμένη η δυνατότητα αντιγραφής (copy) του κειμένου. | ||
| 610 | 2 | 0 | |a University of the Aegean |x Dissertations. |
| 630 | 0 | 0 | |a SAP ERP. |
| 650 | 0 | 0 | |a Accounting |x Computer programs. |
| 650 | 0 | 0 | |a Accounting |x Data processing. |
| 650 | 0 | 0 | |a Budget. |
| 650 | 0 | 0 | |a Cash management. |
| 650 | 0 | 0 | |a Dissertations, Academic |z Greece. |
| 700 | 1 | |a Λουκής, Ευριπίδης Ν. |e dgs | |
| 710 | 2 | |a Πανεπιστήμιο Αιγαίου. |b Σχολή Θετικών Επιστημών. |b Τμήμα Μηχανικών Πληροφοριακών και Επικοινωνιακών Συστημάτων. |b Π.Μ.Σ. Τεχνολογίες και Διοίκηση Πληροφοριακών και Επικοινωνιακών Συστημάτων. | |
| 852 | |a INST |b SAMOS |c DIATR |e 20140620 |h 657.028553 ΠΑΠ |p 005300036838 |q 005300036838 |t MTXE |y 23 | ||
| 852 | |a INST |b SAMOS |c DIATR |e 20140623 |h 657.028553 ΠΑΠ |p 005300036839 |q 005300036839 |t MTXE |y 23 | ||
| 856 | |u http://hdl.handle.net/11610/12493 | ||
| 901 | |a BIBL3-2014-2 | ||
| 909 | |a Σ |b 184999 | ||
| 909 | |a Σ |b 185000 | ||
| 924 | |a ΠΑΠΠΑΣ |b ΗΡΑΚΛΗΣ |y Σάμος |z 2013-09 | ||
| 970 | |a ΚΟΣΙΕΡΗΣ |b ΧΡΗΣΤΟΣ |z 2014/06/23 | ||